[Event "9th Ugra Governor's Cup"]
[Site "Khanty-Mansiysk RUS"]
[Date "2013.12.02"]
[Round "5.12"]
[White "Alekseev,Evgeny"]
[Black "Jumabayev,R"]
[Result "1-0"]
[WhiteElo "2698"]
[BlackElo "2561"]

1.e4 c5 2.Nf3 e6 3.d4 cxd4 4.Nxd4 Nc6 5.Nc3 Qc7 6.Be3 a6 7.Be2 Nf6 8.O-O Be7
9.f4 d6 10.Qe1 O-O 11.Qg3 Nxd4 12.Bxd4 b5 13.a3 Bb7 14.Rae1 Rad8 15.Kh1 Rd7
16.Bd3 Qd8 17.Qh3 g6 18.f5 e5 19.Be3 Re8 20.Qf3 Kh8 21.Bg5 Kg7 22.Bc1 Nh5
23.Qg4 Rc7 24.Re2 Nf6 25.Qh3 Nh5 26.Ref2 Nf4 27.Bxf4 exf4 28.Rxf4 Bg5 29.R4f3 Re5
30.Qg4 Kg8 31.Nd5 Bxd5 32.exd5 Bh6 33.fxg6 fxg6 34.Bxg6 hxg6 35.Qxg6+ Bg7
36.Rh3 Qf6 37.Qh7+ Kf8 38.Rhf3  1-0

[Event "34th Crespi Trophy 2013"]
[Site "Milan ITA"]
[Date "2013.12.02"]
[Round "3.3"]
[White "Mrdja,M"]
[Black "Bejtovic,J"]
[Result "1-0"]
[WhiteElo "2388"]
[BlackElo "2394"]

1.e4 c5 2.Nf3 e6 3.Nc3 Nc6 4.d4 cxd4 5.Nxd4 Qc7 6.g3 a6 7.Bg2 d6 8.O-O Bd7
9.Re1 Be7 10.Nb3 Nf6 11.a4 O-O 12.a5 Nb4 13.Be3 Rac8 14.Re2 Bc6 15.Bb6 Qb8
16.Qd4 Bb5 17.Nxb5 Nxc2 18.Rxc2 Rxc2 19.Na3 Rc6 20.Qd3 Nd7 21.Be3 Ne5 22.Qe2 Rfc8
23.Rd1 Nc4 24.Nd4 R6c7 25.Nxc4 Rxc4 26.Bf1 R4c5 27.b4 Rc3 28.b5 axb5 29.Nxb5 Rb3
30.Qd2 Bf6 31.Ba7 Qa8 32.Bb6 Rc6 33.Nxd6 Rb2 34.Qf4 e5 35.Qf3 Qf8 36.Nc4 Rc2
37.Ne3 Rc1 38.Rd7 Qc8 39.Rd1 Bg5 40.h4 Rxd1 41.Qxd1 Be7 42.Kg2 Rc1 43.Qd5 Bc5
44.Qxe5 Bxb6 45.axb6 f6 46.Qe7  1-0

[Event "34th Crespi Trophy 2013"]
[Site "Milan ITA"]
[Date "2013.12.02"]
[Round "3.5"]
[White "Andreoni,G"]
[Black "De Verdier,M"]
[Result "1/2-1/2"]
[WhiteElo "2082"]
[BlackElo "2371"]

1.e4 c5 2.Nf3 e6 3.d4 cxd4 4.Nxd4 Nc6 5.Nc3 Qc7 6.Be2 a6 7.Be3 Nf6 8.O-O Bb4
9.Nxc6 bxc6 10.f4 c5 11.e5 Bxc3 12.bxc3 Nd5 13.Qd2 O-O 14.Bf2 c4 15.f5 f6
16.exf6 Nxf6 17.Qd4 exf5 18.Bg3 Qc6 19.Bd6 Re8 20.Bxc4+ Kh8 21.Rxf5 Bb7 22.Bf1 Re2
23.Rf3 Re4 24.Qc5 Re6 25.Qxc6 Bxc6 26.Rd3 Ne4 27.Ba3 Rae8 28.Re1 Bb5 29.c4 Ba4
30.Rd4 Nf6 31.Rxe6 Rxe6 32.Bd3 Re1+ 33.Kf2 Rd1 34.Rd6 Bc6 35.g3 Rd2+ 36.Ke3 Rxh2
37.Bb2 Rg2 38.Bxf6 Rxg3+ 39.Kd4 gxf6 40.Rxf6 Kg7 41.Rf5 Rg1 42.Ra5 Rh1 43.Rf5 h5
44.Ke5 h4 45.Rh5 h3 46.Rh7+ Kg8 47.Kf6 h2 48.Rg7+ Kf8 49.Rh7 Kg8  1/2-1/2

[Event "World Teams 2013"]
[Site "Antalya TUR"]
[Date "2013.12.04"]
[Round "8.5"]
[White "Karjakin,Sergey"]
[Black "Korobov,A"]
[Result "1/2-1/2"]
[WhiteElo "2756"]
[BlackElo "2713"]

1.e4 c5 2.Nf3 e6 3.d4 cxd4 4.Nxd4 Nc6 5.Nc3 Qc7 6.Be2 Nf6 7.Be3 a6 8.O-O Be7
9.f4 d6 10.Qe1 O-O 11.Qg3 Nxd4 12.Bxd4 b5 13.a3 Bb7 14.Rae1 d5 15.e5 Bc5
16.Qe3 Bxd4 17.Qxd4 Ne4 18.Nxe4 dxe4 19.c3 f6 20.exf6 Rxf6 21.g3 Rd8 22.Qe3 e5
23.fxe5 Qxe5 24.Rxf6 Qxf6 25.Rd1 Re8 26.Rd7 Bc6 27.Rd1 Bb7 28.Rd7 Bc6 29.Rd4 Bb7
30.Qf4 Qe7 31.Qe3 Qf6 32.Rd7  1/2-1/2

[Event "World Teams 2013"]
[Site "Antalya TUR"]
[Date "2013.12.04"]
[Round "8.4"]
[White "Akopian,Vl"]
[Black "Van Wely,L"]
[Result "1-0"]
[WhiteElo "2681"]
[BlackElo "2678"]

1.e4 c5 2.Nf3 e6 3.d4 cxd4 4.Nxd4 Nc6 5.Nc3 d6 6.Be3 Nf6 7.f3 Be7 8.Qd2 O-O
9.g4 d5 10.g5 Nh5 11.Rg1 Nxd4 12.Bxd4 Qa5 13.O-O-O dxe4 14.fxe4 Rd8 15.e5 g6
16.Bc4 Bd7 17.Ne4 Qxd2+ 18.Rxd2 Bc6 19.Nf6+ Nxf6 20.gxf6 Bf8 21.Be3 b5 22.Bb3 a5
23.a3 Rdc8 24.Rg4 Rab8 25.Rd3 a4 26.Ba2 b4 27.axb4 Bxb4 28.Rc4 h5 29.Bc5 Bb5
30.Rxb4 Rxc5 31.Re3 Rbc8 32.c3 Kh7 33.Bb1 Kh6 34.Bc2 Ra8 35.h4 Bc6 36.Rd4 Bb5
37.Kd2 Rb8 38.Kc1 Ra8 39.Kd2 Rb8 40.Rb4 Rd8+ 41.Kc1 Ra8 42.Rd4 Rc4 43.Rxc4 Bxc4
44.Re4 Bb3 45.Bxb3 axb3 46.c4 g5 47.Kd2 Kg6 48.hxg5 Kxg5 49.Re1 h4 50.Kc3 h3
51.Kxb3 h2 52.Rh1 Rh8 53.c5 Kf4 54.Kc4 Kxe5 55.b4 Kxf6 56.c6 Ke7 57.Kc5 Kd8
58.Kb6 Rh5 59.b5 f6 60.Rd1+ Rd5 61.Ra1 Rh5 62.c7+ Kd7 63.Ra8 h1=Q 64.c8=Q+ Kd6
65.Qc7+ Kd5 66.Qc5+ Ke4 67.Ra4+ Kf3 68.Qc3+  1-0

[Event "9th Ugra Governor's Cup"]
[Site "Khanty-Mansiysk RUS"]
[Date "2013.12.04"]
[Round "7.11"]
[White "Dvoirys,S"]
[Black "Korneev,O"]
[Result "1-0"]
[WhiteElo "2562"]
[BlackElo "2637"]

1.e4 c5 2.Nf3 e6 3.d4 cxd4 4.Nxd4 Nc6 5.Nc3 a6 6.Be3 Nf6 7.Bd3 Qc7 8.O-O h5
9.h3 b5 10.Qe2 Bb7 11.Rad1 Rc8 12.Nxc6 Qxc6 13.Bd4 Be7 14.a3 h4 15.Rfe1 Kf8
16.Qe3 Bc5 17.a4 b4 18.Na2 d6 19.c3 bxc3 20.Nxc3 Bxd4 21.Qxd4 Qc5 22.Bf1 Ke7
23.e5 Qxd4 24.Rxd4 dxe5 25.Rxe5 Nd7 26.Rg5 g6 27.Rgg4 e5 28.Rb4 Nc5 29.Rgc4 Ba8
30.Rb6 g5 31.b4 Ne6 32.Rxa6 Nf4 33.Ra7+ Kf6 34.Rcc7 Rxc7 35.Rxc7 g4 36.hxg4 h3
37.gxh3 Nxh3+ 38.Bxh3 Rxh3 39.Kf1 Bf3 40.Ke1 e4 41.b5 Ke5 42.b6 Kd4 43.Nb5+ Ke5
44.b7 e3 45.fxe3  1-0

[Event "34th El Corte Ingles"]
[Site "Las Palmas ESP"]
[Date "2013.12.04"]
[Round "3.15"]
[White "Martinez Molina,J"]
[Black "Diaz Mendoza,E"]
[Result "1-0"]
[WhiteElo "1861"]
[BlackElo "1496"]

1.e4 c5 2.Nf3 Nc6 3.d4 cxd4 4.Nxd4 e6 5.Nc3 Be7 6.Ndb5 d6 7.Bf4 e5 8.Be3 a6
9.Na3 Nf6 10.Bg5 O-O 11.Bxf6 Bxf6 12.Nd5 b5 13.c3 Bb7 14.Nc2 g6 15.Nce3 Bg7
16.Bd3 Ne7 17.Nxe7+ Qxe7 18.O-O Rad8 19.a4 bxa4 20.Rxa4 Ra8 21.Qc2 Qc7 22.Rfa1 a5
23.Bc4 Bc6 24.R4a2 Rfb8 25.Bd5 Rb5 26.Bxc6 Qxc6 27.Nd5 Bf8 28.g3 Kg7 29.b4 f5
30.c4 Rb7 31.Rxa5 Rxa5 32.Rxa5 fxe4 33.b5 Qc5 34.Qxe4 Rf7 35.Ra2 Qc8 36.Ra6 Qc5
37.Ne3 Qb4 38.Kg2 Qb2 39.Qc2 Qd4 40.Ra2 h5 41.Rb2 Qb6 42.Nd5 Qd4 43.h4 Qg4
44.Qe2 Qd4 45.Rc2 e4 46.Qe3 Qe5 47.Qc3 Qxc3 48.Nxc3 Rd7 49.Ra2 Kf7 50.b6 Bg7
51.Ra7 Ke6 52.Rxd7 Kxd7 53.b7  1-0

[Event "9th Ugra Governor's Cup"]
[Site "Khanty-Mansiysk RUS"]
[Date "2013.12.05"]
[Round "8.22"]
[White "Savitskiy,S"]
[Black "Sharafiev,A"]
[Result "1/2-1/2"]
[WhiteElo "2363"]
[BlackElo "2403"]

1.e4 c5 2.Nf3 e6 3.d4 cxd4 4.Nxd4 Nc6 5.Nc3 Qc7 6.Nb3 a6 7.f4 b5 8.Bd3 Bb7
9.Qe2 d6 10.Be3 Nf6 11.g4 Nd7 12.Qf2 Nb4 13.O-O Be7 14.a4 Nxd3 15.cxd3 b4
16.Ne2 O-O 17.Rac1 Qd8 18.a5 Nc5 19.Bxc5 dxc5 20.Rfd1 Rc8 21.Ng3 Bc6 22.Nxc5 Qxa5
23.d4 Rfd8 24.Ra1 Qb5 25.Nb3 Qb6 26.g5 Bb7 27.h4 f5 28.exf5 exf5 29.Nxf5 Bf8
30.Nc5 Bxc5 31.dxc5 Rxd1+ 32.Rxd1 Qe6 33.Ng3 Qh3 34.f5 Qxh4 35.f6 Qxg5 36.Rd7 Qc1+
37.Nf1 Qg5+ 38.Ng3 Qc1+ 39.Nf1 Qg5+ 40.Ng3 Qc1+  1/2-1/2

[Event "19th Navalmoral Open"]
[Site "Navalmoral ESP"]
[Date "2013.12.05"]
[Round "1.1"]
[White "Fedorchuk,S"]
[Black "Vasques,A"]
[Result "1-0"]
[WhiteElo "2660"]
[BlackElo "2187"]

1.e4 c5 2.Nf3 e6 3.d4 cxd4 4.Nxd4 Nc6 5.Nc3 Qc7 6.Be2 Nf6 7.O-O Be7 8.Be3 O-O
9.f4 d6 10.Kh1 a6 11.Qe1 Bd7 12.Qg3 Nxd4 13.Bxd4 Bc6 14.Rae1 b5 15.a3 Qb7
16.Bd3 b4 17.Nd1 g6 18.Nf2 Rad8 19.axb4 Qxb4 20.Bc3 Qb7 21.Qh3 d5 22.e5 Nh5
23.Ng4 d4 24.Bd2 Bd5 25.Kg1 f5 26.exf6 Bxf6 27.Nh6+ Kh8 28.g4 Qg7  1-0

[Event "19th Navalmoral Open"]
[Site "Navalmoral ESP"]
[Date "2013.12.05"]
[Round "1.5"]
[White "Guliyev,N"]
[Black "Lopez Mulet,Inigo"]
[Result "1-0"]
[WhiteElo "2551"]
[BlackElo "2151"]

1.e4 c5 2.Nf3 e6 3.d4 cxd4 4.Nxd4 Nc6 5.Nc3 Qc7 6.f4 a6 7.Nxc6 bxc6 8.Bd3 d5
9.O-O Nf6 10.Kh1 Be7 11.e5 Nd7 12.Na4 c5 13.c4 dxc4 14.Bxc4 Bb7 15.Qe2 Bc6
16.b3 Nb6 17.Nxb6 Qxb6 18.f5 Bb5 19.Qf3 Ra7 20.fxe6 f6 21.Bh6 Bxc4 22.bxc4 O-O
23.Qg4 Bd8 24.Rab1 f5 25.Rxb6 fxg4 26.Rxf8+ Kxf8 27.Rb8 gxh6 28.Rxd8+ Ke7
29.Rd6 Rb7 30.Kg1 Rb1+ 31.Kf2 Rb2+ 32.Kg3 Rxa2 33.Kxg4 Rxg2+ 34.Kf5 Rf2+
35.Ke4 Rxh2 36.Kd5 Rd2+ 37.Kxc5 Re2 38.Kd5 Rd2+ 39.Ke4 Re2+ 40.Kd5 Rd2+ 41.Kc6 Re2
42.c5 Rxe5 43.Rd7+ Kxe6 44.Rxh7 Rh5 45.Kb6 Rh1 46.c6 Rb1+ 47.Kxa6 Kd6 48.c7 Rc1
49.Kb7 Rb1+ 50.Kc8 Rf1 51.Rxh6+ Ke7 52.Kb7  1-0

[Event "IV JAHV McGregor 2013"]
[Site "Bogota COL"]
[Date "2013.12.06"]
[Round "5.29"]
[White "Chong Chinchay,Eric Joel"]
[Black "Barbosa,Ev"]
[Result "1/2-1/2"]
[WhiteElo "2068"]
[BlackElo "2461"]

1.e4 c5 2.Nf3 e6 3.d4 cxd4 4.Nxd4 Nc6 5.Nc3 Qc7 6.Be2 a6 7.O-O Nf6 8.Be3 Bb4
9.Nxc6 bxc6 10.Na4 Rb8 11.c4 Bd6 12.c5 Bxh2+ 13.Kh1 Bf4 14.Bxf4 Qxf4 15.Bf3 Nxe4
16.Bxe4 Qxe4 17.Qd6 Rb7 18.Nb6 Qh4+ 19.Kg1 Qd8 20.f4 Rxb6 21.cxb6 Qxb6+ 22.Rf2 f6
23.Rd1 Qd8 24.f5 e5 25.Rfd2 Qb6+ 26.Kh1 Kf7 27.b4 Re8 28.Qc5 Qb5 29.a4 Qb7
30.Rd6 Re7 31.Qc4+ Kf8 32.R1d3 Qb6 33.Rh3 Qf2 34.Rxh7 Rf7 35.Rh8+ Ke7 36.Rd1 Rf8
37.Rxf8 Kxf8 38.Qc5+ Qxc5 39.bxc5 Ke7 40.g4 d5 41.cxd6+ Kd7 42.Kg2 c5 43.Kf3 Bb7+
44.Ke3 Bc6 45.a5 c4 46.Rd2 Bb5 47.Rd5 Ba4 48.Rc5 Kxd6 49.Rxc4 Bd1 50.Rb4 Kc5
51.Rb7 Bxg4 52.Rxg7 Bxf5 53.Rf7 Be6 54.Rxf6 Bc4 55.Ke4 Kb4 56.Kxe5 Kxa5  1/2-1/2

[Event "9th Ugra Governor's Cup B"]
[Site "Khanty-Mansiysk RUS"]
[Date "2013.12.06"]
[Round "9"]
[White "Sazonova,A"]
[Black "Iliushkin,E"]
[Result "1/2-1/2"]
[WhiteElo "2042"]
[BlackElo "2282"]

1.e4 c5 2.Nf3 e6 3.d4 cxd4 4.Nxd4 Nc6 5.Nc3 d6 6.h3 Nf6 7.g4 Be7 8.Bg2 O-O
9.Be3 Nd7 10.Qe2 a6 11.O-O-O Nxd4 12.Bxd4 b5 13.f4 Bb7 14.Qf2 b4 15.Ne2 Qa5
16.Kb1 e5 17.Be3 Rac8 18.Ng3 Qc7 19.Qe2 exf4 20.Bxf4 Ne5 21.Nf5 Rfe8 22.Rd4 a5
23.Rhd1 Red8 24.Qd2 f6 25.Nxe7+ Qxe7 26.Rxd6 Nf7 27.Rd7 Rxd7 28.Qxd7 Qc5
29.Qd2 Rd8 30.Qe2 Rxd1+ 31.Qxd1 Qf2 32.Qf1 Qc5 33.Qd1 g5  1/2-1/2

[Event "9th Ugra Governor's Cup"]
[Site "Khanty-Mansiysk RUS"]
[Date "2013.12.06"]
[Round "9.9"]
[White "Kokarev,Dm"]
[Black "Jumabayev,R"]
[Result "1-0"]
[WhiteElo "2631"]
[BlackElo "2561"]

1.e4 c5 2.Nf3 Nc6 3.d4 cxd4 4.Nxd4 e6 5.Nc3 Qc7 6.Be3 a6 7.Qd2 Nf6 8.O-O-O Be7
9.f3 b5 10.Qf2 O-O 11.Nxc6 dxc6 12.Bb6 Qf4+ 13.Be3 Qc7 14.Bc5 e5 15.Be2 Be6
16.Rd2 a5 17.Rhd1 a4 18.a3 Rfb8 19.Nb1 h6 20.Qe3 b4 21.axb4 Rxb4 22.Na3 Rab8
23.Bxb4 Bxb4 24.Kb1 Qa5 25.Rd3 Kh7 26.Ka1 Bc5 27.Qc1 Qb6 28.Rd6 Bxd6 29.Rxd6 Qf2
30.Bf1 Nd7 31.Rxc6 Nc5 32.Rd6 Qg1 33.h3 Rc8 34.Qe1 Nb7 35.Rd1 Qb6 36.Qd2 Rd8
37.Qe2 Nc5 38.Rxd8 Qxd8 39.Nb5 h5 40.Kb1 h4 41.Kc1 Nd7 42.Nc3 Qa8 43.Qa6 Qd8
44.Nxa4 Qg5+ 45.Kd1 Qe3 46.Qd3 Qf2 47.Nc3 Nf6 48.Qe2 Qb6 49.Kc1 Nh5 50.Qe1 g5
51.Nd5 Qa7 52.b3 Kh6 53.Bd3 Qd4 54.Kd2 Ng3 55.Nc3 Kg7 56.Ne2 Nxe2 57.Kxe2 Kf6
58.c3 Qa7 59.b4 Qa2+ 60.Qd2 Qa1 61.Kf2 Bb3 62.Be2 Qa7+ 63.Qe3 Qa2 64.Qc5 Qd2
65.Qb6+ Be6 66.c4 Qf4 67.b5 Qg3+ 68.Kf1 Kg7 69.Qe3 Bxh3 70.Qf2 Bxg2+ 71.Qxg2 Qf4
72.b6 Kh6 73.Qg4 Qc1+ 74.Kg2 Qb2 75.f4 gxf4 76.c5  1-0

[Event "34th Crespi Trophy 2013"]
[Site "Milan ITA"]
[Date "2013.12.06"]
[Round "7.7"]
[White "Motola,Jacopo"]
[Black "Astengo,C"]
[Result "0-1"]
[WhiteElo "2073"]
[BlackElo "2083"]

1.e4 c5 2.Nf3 e6 3.d4 cxd4 4.Nxd4 Nc6 5.Nc3 Qc7 6.g3 a6 7.Bg2 d6 8.O-O Bd7
9.a4 Nf6 10.Nb3 Be7 11.a5 Rc8 12.f4 O-O 13.Be3 Nb4 14.Rf2 Rfe8 15.Bb6 Qb8
16.g4 Bc6 17.Qd4 d5 18.Bc5 Bxc5 19.Nxc5 Nxg4 20.Qxb4 Nxf2 21.Kxf2 Qxf4+ 22.Kg1 Qe3+
23.Kh1 dxe4 24.N3xe4 Red8 25.Re1 Qh6 26.Nxb7 Rd5 27.Nbd6 Rd8 28.Qb6 R5xd6
29.Nxd6 Bxg2+ 30.Kxg2 Qd2+ 31.Kf1 Rxd6 32.Qb8+ Rd8 33.Qb6 h6 34.Qxa6 Rd5
35.Qe2 Rf5+ 36.Kg2 Qxa5 37.c4 Qc5 38.b3 Qc6+ 39.Qe4 Qb6 40.Re3 Qa5 41.Qd3 Qa2+
42.Re2 Qa1 43.Re3 Rg5+ 44.Rg3 Qb2+ 45.Kg1 Re5 46.Kh1 Re2 47.Qd8+ Kh7 48.Qd3+ g6
49.Qf3 Rf2 50.Qe3 Rxh2+ 51.Kg1 Re2  0-1

[Event "34th Crespi Trophy 2013"]
[Site "Milan ITA"]
[Date "2013.12.06"]
[Round "7.9"]
[White "Pavlidis,Ana"]
[Black "De Verdier,M"]
[Result "1-0"]
[WhiteElo "2342"]
[BlackElo "2371"]

1.e4 c5 2.Nf3 e6 3.d4 cxd4 4.Nxd4 Nc6 5.Nc3 Qc7 6.Be2 a6 7.O-O Nf6 8.Be3 Bb4
9.Na4 O-O 10.Nxc6 bxc6 11.Nb6 Rb8 12.Nxc8 Rfxc8 13.Bxa6 Rf8 14.Bd3 Bd6 15.g3 Be5
16.c4 Bxb2 17.Rb1 Qa5 18.Qe2 Ba3 19.Bd2 Qh5 20.Qxh5 Nxh5 21.e5 f5 22.Be3 f4
23.Rxb8 Rxb8 24.Bc1 Bxc1 25.Rxc1 fxg3 26.hxg3 Ra8 27.Be2 g6 28.Bxh5 gxh5
29.Rc2 Kf7 30.Kg2 Kg6 31.Rd2 Ra7 32.Kh3 Kf5 33.f4 c5 34.Kh4 Kg6 35.a3 Rxa3
36.Rxd7 Ra1 37.Kh3 Rh1+ 38.Kg2 Rc1 39.Re7 Rxc4 40.Rxe6+ Kf5 41.Re7 Kg6 42.Kh3 Rc1
43.Re6+ Kf7 44.Rc6 c4 45.Kh4 c3 46.Kxh5 c2 47.Kg5 h6+ 48.Kf5 Ke7 49.e6 h5
50.Rc7+ Kd8 51.Rc3 Ke7 52.Rc6 Rg1 53.Rxc2 Rxg3 54.Rc7+  1-0

[Event "IV JAHV McGregor 2013"]
[Site "Bogota COL"]
[Date "2013.12.07"]
[Round "7.98"]
[White "Segura T,Jesus Daniel"]
[Black "Guerrero,Gabriel"]
[Result "0-1"]
[WhiteElo "1739"]
[BlackElo "1968"]

1.e4 c5 2.Nf3 e6 3.Nc3 Nc6 4.d4 cxd4 5.Nxd4 Qc7 6.Ndb5 Qb8 7.a3 Nf6 8.Be3 h5
9.Qd2 Be7 10.f3 a6 11.Nd4 b5 12.Nxc6 dxc6 13.b4 a5 14.Rb1 axb4 15.axb4 Ra3
16.Bd3 Bd6 17.f4 Ng4 18.e5 Bc7 19.Bc5 Bb6 20.Nxb5 Rxd3 21.Qxd3 Bxc5 22.bxc5 cxb5
23.Qxb5+ Qxb5 24.Rxb5 O-O  0-1

[Event "6th Kolkata Open"]
[Site "Kolkata IND"]
[Date "2013.12.07"]
[Round "2.7"]
[White "Konguvel,P"]
[Black "Mozharov,M"]
[Result "1/2-1/2"]
[WhiteElo "2358"]
[BlackElo "2535"]

1.e4 c5 2.Nf3 e6 3.d4 cxd4 4.Nxd4 Nc6 5.Nc3 Qc7 6.Be3 a6 7.Qd2 Nf6 8.O-O-O Bb4
9.f3 Ne7 10.Nde2 b5 11.a3 Ba5 12.Bf4 e5 13.Bg5 h5 14.b4 Bb6 15.g3 Bb7 16.Bh3 Rd8
17.Bxf6 gxf6 18.Qd6 Qxd6 19.Rxd6 Bc7 20.Rd3 h4 21.Rhd1 d5 22.exd5 hxg3 23.hxg3 Rxh3
24.d6 Bb8 25.dxe7 Rxd3 26.Rxd3 Kxe7 27.Ne4 Rh1+ 28.Kb2 Rf1 29.N2c3 f5 30.Nc5 Bxf3
31.Nxa6 e4 32.Rd5 Bxg3 33.Rxf5 e3 34.Nc5 e2 35.Nd3 Rd1 36.Rxf3 Rxd3 37.Rxd3 e1=Q
38.Re3+ Qxe3 39.Nd5+ Ke6 40.Nxe3 f5 41.Nxf5 Kxf5  1/2-1/2

[Event "34th El Corte Ingles"]
[Site "Las Palmas ESP"]
[Date "2013.12.07"]
[Round "7.2"]
[White "Vega Gutierrez,B"]
[Black "Garcia Blanco,O"]
[Result "1/2-1/2"]
[WhiteElo "2180"]
[BlackElo "2287"]

1.e4 c5 2.Nf3 e6 3.d4 cxd4 4.Nxd4 Nc6 5.Nc3 Qc7 6.Be2 a6 7.O-O Nf6 8.Be3 Be7
9.f4 d6 10.Kh1 O-O 11.Qe1 Bd7 12.Qg3 Kh8 13.Rad1 Rae8 14.Rfe1 Bd8 15.Nxc6 Bxc6
16.e5 dxe5 17.fxe5 Ne4 18.Nxe4 Bxe4 19.c3 Be7 20.Bd4 Bc5 21.Qe3 Bxd4 22.Rxd4 Bg6
23.Red1 Qb6 24.R1d2 h6 25.h3 Rd8 26.Bf3 Rd7 27.Qg1 Rc7 28.Rd7 Qa5 29.Rxc7 Qxc7
30.Qd4 Qa5 31.Qd6 Rg8 32.Bxb7 Qxa2 33.Qxa6 Qb1+ 34.Kh2 Qc1 35.Qe2 Rb8 36.Bf3 Qb1
37.c4 Rc8 38.Bb7 Rc7 39.Rd8+ Kh7 40.Bf3 Qf5 41.Rd4 Rc5 42.Re4 Qg5 43.h4 Qd8
44.b4 Rc7 45.Rf4 Rd7 46.h5 Bf5 47.Be4 Qg5 48.Bxf5+ exf5 49.g3 Qd8 50.Kh3 Rd2
51.Qf3 Rd3 52.Qe2 Rd2 53.Qf3 Rd3 54.Qe2 Rd2  1/2-1/2

[Event "5th Classic Open 2013"]
[Site "London ENG"]
[Date "2013.12.07"]
[Round "1.88"]
[White "Williamson,R"]
[Black "Boyalakuntla,Siva"]
[Result "0-1"]
[WhiteElo "2150"]
[BlackElo "1465"]

1.e4 c5 2.Nf3 e6 3.Nc3 Nc6 4.d4 cxd4 5.Nxd4 d6 6.h3 h6 7.g4 a6 8.Be3 Be7
9.Qe2 Bd7 10.O-O-O Qc7 11.Bg2 Nf6 12.f4 Nxd4 13.Bxd4 Bc6 14.e5 Nd7 15.exd6 Bxd6
16.f5 Bf4+ 17.Kb1 e5 18.Bxc6 bxc6 19.Be3 Bxe3 20.Qxe3 f6 21.Ne4 O-O 22.Qb3+ Kh8
23.Qe6 Nb6 24.Nd6 Rab8 25.Qb3 Nd5 26.Qa3 a5 27.c4 Nb4 28.Qe3 Rfd8 29.c5 Nd5
30.Qf3 Rb4 31.g5 Rdb8 32.Rxd5 Rxb2+ 33.Ka1 cxd5 34.Qxd5 hxg5 35.Rc1 Rh2 36.Qf3 Qe7
37.Rb1 Rxb1+ 38.Kxb1 e4 39.Qh5+ Kg8 40.c6  0-1

[Event "5th Classic Open 2013"]
[Site "London ENG"]
[Date "2013.12.07"]
[Round "1.11"]
[White "Hill,Alistair"]
[Black "Brunello,S"]
[Result "0-1"]
[WhiteElo "2097"]
[BlackElo "2603"]

1.e4 c5 2.Nf3 e6 3.d4 cxd4 4.Nxd4 Nc6 5.Nc3 Qc7 6.g3 a6 7.Bg2 Nf6 8.O-O d6
9.Re1 Be7 10.Nxc6 bxc6 11.e5 dxe5 12.Rxe5 O-O 13.Bf4 Qb7 14.b3 Rd8 15.Qf3 Nd5
16.Nxd5 cxd5 17.Rd1 Bd7 18.Rdxd5 Bc6  0-1

[Event "5th Classic Open 2013"]
[Site "London ENG"]
[Date "2013.12.07"]
[Round "1.4"]
[White "Gharamian,T"]
[Black "Quinn,Joh"]
[Result "1-0"]
[WhiteElo "2656"]
[BlackElo "2130"]

1.e4 c5 2.Nf3 e6 3.d4 cxd4 4.Nxd4 Nc6 5.Nc3 Qc7 6.Be3 a6 7.Qd2 Nf6 8.O-O-O Be7
9.f3 h5 10.Qf2 d6 11.Kb1 b5 12.Nb3 Ne5 13.h3 Rb8 14.f4 Nc4 15.Bxc4 bxc4 16.Nd2 Qa5
17.Ka1 d5 18.Bd4 O-O 19.Rhe1 Qb4 20.Rb1 Rd8 21.e5 Nd7 22.g4 h4 23.f5 Bc5
24.Nf3 Bxd4 25.Nxd4 Nc5 26.Qxh4 Bd7 27.f6 Na4 28.Nxa4 Bxa4 29.fxg7 Kxg7 30.Qf6+ Kg8
31.Rf1 Qb7 32.Qg5+  1-0

[Event "Battle of the Generations 2013"]
[Site "Moscow RUS"]
[Date "2013.12.07"]
[Round "5"]
[White "Shirov,A"]
[Black "Dubov,Danii"]
[Result "1-0"]
[WhiteElo "2695"]
[BlackElo "2629"]

1.e4 c5 2.Nf3 e6 3.d4 cxd4 4.Nxd4 Nc6 5.Nc3 Qc7 6.Be3 a6 7.Qd2 b5 8.Nxc6 Qxc6
9.O-O-O Bb7 10.f3 Rc8 11.g4 Nf6 12.g5 Nh5 13.Bh3 Be7 14.Bg4 g6 15.Bxh5 gxh5
16.h4 a5 17.Kb1 b4 18.Ne2 a4 19.Nf4 b3 20.cxb3 axb3 21.axb3 Bb4 22.Qf2 Ra8
23.Nxh5 Ke7 24.Nf6 Rhc8 25.Rxd7+ Qxd7 26.Nxd7 Kxd7 27.Ba7 Ba6 28.Rd1+ Ke8
29.h5 Be7 30.g6 fxg6 31.hxg6 hxg6 32.Qb6 Kf7 33.Rd7 Be2 34.Qd6  1-0

[Event "TCh-NED Meesterklasse 2013-14"]
[Site "Netherland NED"]
[Date "2013.12.07"]
[Round "3.1"]
[White "Snuverink,Joc"]
[Black "Michiels,B"]
[Result "0-1"]
[WhiteElo "2357"]
[BlackElo "2505"]

1.e4 c5 2.Nf3 Nc6 3.d4 cxd4 4.Nxd4 e6 5.Nc3 Qc7 6.g4 a6 7.Bg2 Nge7 8.O-O Ng6
9.Nf5 Nf4 10.Nd5 exd5 11.exd5 Nxg2 12.d6 Qa5 13.Kxg2 Nd8 14.c4 b6 15.Qd3 Bb7+
16.f3 Ne6 17.Bd2 Qa4 18.Rfe1 g6 19.Ne7 Bxe7 20.dxe7 Qc6 21.Re5 Kxe7 22.Rae1 f6
23.Rd5 Rad8 24.g5 Qc7 25.Rd6 Kf7 26.gxf6 Rhe8 27.Kf1 Nc5 28.Qd4 Rxe1+ 29.Bxe1 Ne6
30.Qh4 h5 31.Bg3 Qc5 32.Rd3 Qf5 33.Re3 Bxf3 34.Be5 d5 35.Ke1  0-1

[Event "TCh-NED Meesterklasse 2013-14"]
[Site "Netherland NED"]
[Date "2013.12.07"]
[Round "3.6"]
[White "Michielsen,J"]
[Black "Kabatianski,A"]
[Result "1-0"]
[WhiteElo "2356"]
[BlackElo "2437"]

1.e4 c5 2.Nf3 e6 3.d4 cxd4 4.Nxd4 Nc6 5.Nc3 a6 6.Be2 d6 7.O-O Nf6 8.Be3 Bd7
9.f4 b5 10.Bf3 Rc8 11.g4 h5 12.gxh5 b4 13.Nb1 Nxd4 14.Bxd4 Bb5 15.Rf2 e5
16.Be3 exf4 17.Bxf4 Rc5 18.a4 Bc6 19.Nd2 Nxh5 20.Be3 Qh4 21.e5 d5 22.Nb3 Rc4
23.Na5 Nf4 24.Nxc6 Rxc6 25.Bxf4 Qxf4 26.Bxd5 Qg5+ 27.Kh1 Rc7 28.Qf3 Bc5 29.Bxf7+ Ke7
30.Rg2 Qh6 31.Rf1 Rf8 32.Qf5 Rc6 33.Rd1 Rc7 34.Rg6  1-0

[Event "IV JAHV McGregor 2013"]
[Site "Bogota COL"]
[Date "2013.12.08"]
[Round "8.16"]
[White "Chumpitaz,A"]
[Black "Oliva,K"]
[Result "0-1"]
[WhiteElo "2182"]
[BlackElo "2427"]

1.e4 c5 2.Nf3 e6 3.d4 cxd4 4.Nxd4 Nc6 5.Nc3 Qc7 6.Be2 a6 7.O-O Nf6 8.Be3 Bb4
9.Na4 Be7 10.c4 Nxe4 11.Bf3 Ng5 12.Bxc6 bxc6 13.c5 O-O 14.Nb6 Rb8 15.Qc1 Ne4
16.b4 d6 17.Nb3 d5 18.f3 Nf6 19.Re1 e5 20.f4 e4 21.a4 Ng4 22.Bd4 f6 23.b5 Bb7
24.Na5 Rfd8 25.Qd1 Nh6 26.Qb3 Nf5 27.Bf2 Kh8 28.Rac1 Bf8 29.h3 Ne7 30.Kh1 Re8
31.Bg1 Rbd8 32.f5 Nxf5 33.Bh2 Re5 34.Qb2 Rde8 35.Qf2 Nh6 36.g4 Nf7 37.Qd4 Ng5
38.Qc3 Nf3 39.Nxd5 cxd5 40.b6 Qf7 41.c6 d4 42.Qb2 Rxa5 43.cxb7 Qxb7 44.Rc7 Qd5
45.b7 Nxe1 46.Rc8 e3+ 47.Kg1 Nf3+ 48.Kh1 Nd2+ 49.Kg1 Qf3  0-1

[Event "34th El Corte Ingles"]
[Site "Las Palmas ESP"]
[Date "2013.12.08"]
[Round "9.12"]
[White "Grube,Kurt"]
[Black "Diaz Perez,Jose Juan"]
[Result "0-1"]
[WhiteElo "1886"]
[BlackElo "1758"]

1.e4 c5 2.Nf3 Nc6 3.d4 cxd4 4.Nxd4 e6 5.Nc3 Bc5 6.Nb3 Bb4 7.Be2 Nf6 8.Qd3 d5
9.exd5 Qxd5 10.O-O Qxd3 11.Bxd3 Bxc3 12.bxc3 O-O 13.Re1 b6 14.a3 Bb7 15.f3 Rac8
16.Rb1 Nb8 17.c4 Ba6 18.Nd2 Nbd7 19.Kf2 Rfd8 20.Bb2 Nc5 21.Re3 Rd7 22.Bxf6 gxf6
23.Ke2 Rcd8 24.Ne4 Nxe4 25.fxe4 e5 26.Rg3+ Kf8 27.Rf1 Ke7 28.Kf2 Rd4 29.Rf3 Bxc4
30.Kg1 Bxd3 31.cxd3 R8d6 32.Rh3 Rxd3 33.Rxh7 Rxa3 34.Rc1 Rd7 35.h4 Ra4 36.h5 Rxe4
37.h6 Rh4 38.Rc8 b5 39.Rhh8 f5 40.h7 Kf6 41.Rc6+ Kg7 42.Rg8+ Kxh7 43.Rcc8 Rg4
44.Rh8+ Kg7 45.Rcg8+ Kf6 46.Rc8 Rd1+ 47.Kh2 Rd2  0-1

[Event "5th London Classic Women's Inv"]
[Site "London ENG"]
[Date "2013.12.08"]
[Round "2.2"]
[White "Fuchs,Ju"]
[Black "Ciuksyte,D"]
[Result "1/2-1/2"]
[WhiteElo "2337"]
[BlackElo "2345"]

1.e4 c5 2.Nf3 e6 3.d4 cxd4 4.Nxd4 Nc6 5.Nc3 Qc7 6.Be3 a6 7.Be2 Nf6 8.a3 Be7
9.f4 d6 10.g4 Nxd4 11.Bxd4 e5 12.Bf2 exf4 13.g5 Nd7 14.Nd5 Qd8 15.h4 O-O
16.Qd2 f3 17.Bxf3 Ne5 18.Be2 Be6 19.O-O-O Bxd5 20.Qxd5 Qc7 21.Rh3 Rac8 22.Rc3 Qb8
23.Bd4 Rxc3 24.Bxc3 b5 25.Kb1 Qc7 26.Rf1 Bd8 27.Bb4 Be7 28.Rd1 Rd8 29.Bc3 Rc8
30.Rf1 Qc6 31.Qd4 Qc5 32.Qd2 Ng6 33.Bd4 Qc6 34.Bg4 Rf8 35.h5 Ne5 36.Bf5 Qc4
37.Qf2 Bxg5 38.b3 Qc7 39.Qg3 Qe7 40.Rg1 Bf6 41.Qc3 Rd8 42.Bc8 d5 43.Re1 dxe4
44.Rxe4 Qxa3 45.Qc7 Rxd4 46.Rxd4 Nc6 47.Qd6 Qa5 48.b4 Qb6 49.Rd1 Be7 50.Qd7 Bf8
51.Rf1 Ne5 52.Qd5 Qc7 53.Bxa6 Nc4 54.Rf3 Qe7 55.Bxb5 Qxb4+ 56.Rb3 Nd2+ 57.Kb2 Nxb3
58.cxb3 Qa3+ 59.Kc3 Qc1+ 60.Kd3 g6 61.Bc4 Qd1+ 62.Ke4 Qxd5+ 63.Kxd5 Kg7 64.Be2 Kf6
65.Kc4 Kg5 66.b4 gxh5 67.b5 Bd6 68.Kd5 Bf4 69.Ke4 Bb8 70.Kf3 f5 71.Kg2 h4
72.Bd3 Kg4 73.Bxf5+ Kxf5  1/2-1/2

[Event "TCh-SVK Ext 2013-14"]
[Site "Slovakia SVK"]
[Date "2013.12.08"]
[Round "4.4"]
[White "Malinovsky,K"]
[Black "Jurcik,Mari"]
[Result "1-0"]
[WhiteElo "2445"]
[BlackElo "2481"]

1.e4 c5 2.Nf3 Nc6 3.Nc3 e6 4.d4 cxd4 5.Nxd4 a6 6.Nxc6 bxc6 7.Bd3 Qc7 8.O-O Nf6
9.f4 d5 10.e5 Nd7 11.Na4 Nb6 12.Nxb6 Qxb6+ 13.Kh1 g6 14.c4 Bb7 15.Qa4 Qb4
16.Qc2 Qb6 17.b4 Be7 18.c5 Qc7 19.Bd2 Bc8 20.a4 f5 21.Be3 Kf7 22.b5 Bb7 23.b6 Qd8
24.Bd4 h5 25.g3 Rh6 26.Qe2 Ke8 27.Kg1 Kd7 28.Kf2 g5 29.fxg5 Bxg5 30.Ke1 h4
31.g4 f4 32.h3 a5 33.Rf3 Qe7 34.Kf1 Rhh8 35.Kg2 Rhf8 36.Rc1 Kc8 37.Rc2 Kb8
38.Qf1 Bc8 39.Be3 Qg7 40.Bxf4 Rxf4 41.Rxf4 Qxe5 42.Rf3 Qd4 43.Rf8 Be7 44.b7 Kxb7
45.Rf7 Rb8 46.Rxe7+ Ka8 47.Re8 Qe5 48.Qf2 Ka7 49.Qxh4  1-0

[Event "TCh-SVK Ext 2013-14"]
[Site "Slovakia SVK"]
[Date "2013.12.08"]
[Round "4.5"]
[White "Sepesi,Samuel"]
[Black "Plachetka,J"]
[Result "0-1"]
[WhiteElo "1990"]
[BlackElo "2368"]

1.e4 c5 2.Nf3 e6 3.d4 cxd4 4.Nxd4 Nc6 5.Nc3 Nf6 6.Be3 Bb4 7.Bd3 d5 8.Nxc6 bxc6
9.exd5 cxd5 10.O-O O-O 11.Bd4 Qe7 12.f4 Bc5 13.Ne2 Rb8 14.b3 Bd7 15.Kh1 Rfc8
16.c4 dxc4 17.Bxc4 Bc6 18.Rc1 Qb7 19.Rg1 Rd8 20.Bxe6 Bxd4 21.Nxd4 fxe6 22.Nxc6 Rxd1
23.Rgxd1 Re8 24.Rc4 Nd5 25.Rdc1 Rf8 26.Ne5 Nxf4  0-1